LEADER 00980nam0 22002651i 450 001 UON00276842 005 20231205103819.798 100 $a20060510d1973 |0itac50 ba 101 $aita 102 $aIT 105 $a||||0 ||||| 200 1 $aAntonio Baldini$fCarmine De Biase 210 $aMilano$cU. Mursia$dc1973 215 $a269 p.$d21 cm. 410 1$1001UON00173754$12001 $aCiviltà letteraria del Novecento. Profili$1210 $aMilano$cMursia.$v25 606 $aBALDINI ANTONIO$3UONC087535$2FI 620 $aIT$dMilano$3UONL000005 700 1$aDI_BIASE$bCarmine$3UONV113099$0156960 712 $aMursia$3UONV246158$4650 801 $aIT$bSOL$c20240220$gRICA 899 $aSIBA - SISTEMA BIBLIOTECARIO DI ATENEO$2UONSI 912 $aUON00276842 950 $aSIBA - SISTEMA BIBLIOTECARIO DI ATENEO$dSI ITA 14 CLN 07 $eSI IT 771 5 07 996 $aAntonio Baldini$9137524 997 $aUNIOR